[Event "EU-chT Railways USIC"]
[Site "Dresden"]
[Date "2000.06.21"]
[Round "3.1"]
[White "Salomonsson, Heinz"]
[Black "Di Donna, Massimo"]
[Result "1/2-1/2"]
[WhiteElo "2131"]
[BlackElo "2225"]
[PlyCount "76"]
[EventDate "2000.06.19"]
[EventType "team-swiss"]
[EventRounds "7"]
[EventCountry "GER"]
[SourceTitle "EXT 2002"]
[Source "ChessBase"]
[SourceDate "2001.11.25"]
[SourceVersion "1"]
[SourceVersionDate "2001.11.25"]
[SourceQuality "1"]
[WhiteTeam "Sweden (USIC)"]
[BlackTeam "Italy (USIC)"]
[WhiteTeamCountry "SWE"]
[BlackTeamCountry "ITA"]

1. e4 d6 2. d4 Nf6 3. Nc3 g6 4. Bg5 Bg7 5. e5 dxe5 6. dxe5 Ng4 7. Qxd8+ Kxd8 8. f4 Ne3 9. Kd2 Nf5 10. g4 h6 11. gxf5 hxg5 12. Nf3 Bxf5 13. Nxg5 Rf8 14. Nh7 Re8 15. Ng5 f6 16. Nf7+ Kc8 17. Bd3 e6 18. Bxf5 exf5 19. Rae1 fxe5 20. Nxe5 Bxe5 21. Rxe5 Rxe5 22. fxe5 Nc6 23. e6 Nd4 24. Nd5 Kd8 25. e7+ Kd7 26. e8Q+ Rxe8 27. Nf6+ Kd8 28. Nxe8 Kxe8 29. h4 Kf7 30. h5 gxh5 31. Rxh5 Kf6 32. Rh7 Ne6 33. Ke3 Ke5 34. Re7 Kd6 35. Re8 Kd7 36. Ra8 a6 37. c3 Kc6 38. Re8 Kd7 1/2-1/2